عرض عادي عرض مارك
  • القرآن

مدخل عنوان موحد

عدد التسجيلات المستخدمة في: 11

001 - رقم الضبط

  • حقل الضبط: 555

003 - معرف رقم الضبط

  • حقل الضبط: OSt

005 - تاريخ ووقت أخر عملية

  • حقل الضبط: 20110627192218.0

008 - عناصر بيانات ثابتة الطول

  • حقل تحكم ثابت الطول: 110627|||a|||||| | ||| d

040 ## - مصدر الفهرسة

  • هيئة الفهرسة الأصلية: OSt
  • وكالة الكتابة: OSt

130 ## - مدخل -- اسم مؤتمر

  • العنوان الموحد: القرآن
  • تفريع عام: القراءات السبع

670 ## - بيانات المصدر موجوده

  • الاستشهاد بالمصدر: Work cat.: (OSt)9010: هلال، سامي عبد الفتاح 552, قراءات الإمام ابن عامر والانتصار لها /, 2007